000 00688nam a22002297a 4500
003 UA-OsUOA
001 25223
007 ta
008 20040323b un ||||| |||| 00| 0 ukr d
100 _aПопова Наталія
090 _a336.71
_bП58
942 _cSA
040 _aUA-OsUOA
_bukr
_cUA-OsUOA
_dUA-OsUOA
245 _aУчасть комерційних банків у забезпеченні економічного зростання в Україні
300 _aС.39-48
955 _a0
041 _aukr
080 _a336.71
044 _aUA
773 0 _w0
_tБанківська справа
_dК.
_d2003
_g№6
650 7 _aБанківська справа
_2UDC
999 _c311515
_d311515